Macov chains and Mone Carlo calculations in polymer science (Record no. 24268)

MARC details
000 -LEADER
fixed length control field 00356nam a2200121Ia 4500
082 ## - DEWEY DECIMAL CLASSIFICATION NUMBER
Classification number 678
Item number LOW
245 #0 - TITLE STATEMENT
Title Macov chains and Mone Carlo calculations in polymer science
260 ## - PUBLICATION, DISTRIBUTION, ETC. (IMPRINT)
Place of publication New York
Name of publisher Marcel Dekker
Year of publication 1970
490 ## - SERIES STATEMENT
Series statement Monographs in molecular chemistry
700 ## - ADDED ENTRY--PERSONAL NAME
Personal name Lowry, George G
942 ## - ADDED ENTRY ELEMENTS (KOHA)
Koha item type Books
Holdings
Withdrawn status Lost status Damaged status Not for loan Home library Current library Date acquired Cost, normal purchase price Full call number Accession Number Koha item type
        RRII Library RRII Library 16/12/2021 31.25 678 LOW 04952 Books